000 00837nam a2200217 a 4500
999 _c6972
_d6972
001 6972
003 BD-JhCC
005 20180203120359.0
008 171210s1995 bg a|||| ||a| 000 0 ben d
035 _a(BD-JhCC)6972
040 _aBD-JhCC
_dBD-JhCC
041 _aben
082 _a769.56095492
_bRAH 1995
100 _a রহমান, সিদ্দিক মাহমুদুর
245 _aবাংলাদেশের ডাকটিকিট /
_cসিদ্দিক মাহমুদুর রহমান
260 _aরাজশাহী :
_bসেলিমা খাতুন, বাংলাদেশ িইনষ্টিটিউট অব ফিলাটেলিক স্টাডিজ,
_c1995.
300 _a130 p. :
_c22 cm.
650 _aPostage Stamps
_zBangladesh
942 _2ddc
_cBK